[Event "45th Olympiad Budapest 2024"]
[Site "Budapest"]
[Date "2024.09.11"]
[Round "1"]
[Board "2"]
[White "Velikic, Adela"]
[Black "Prommuang, Araya"]
[Result "1-0"]
[WhiteElo "2260"]
[BlackElo "1753"]
[PlyCount "93"]
[EventDate "2024.09.11"]
[EventType "team-tourn"]
[EventRounds "11"]
[EventCountry "HUN"]
[WhiteTeam "Serbia"]
[BlackTeam "Thailand"]
[WhiteTeamCountry "SRB"]
[BlackTeamCountry "THA"]

1. e4 c5 2. Nf3 e6 3. d4 cxd4 4. Nxd4 Nf6 5. Nc3 Nc6 6. Ndb5 d6 7. Bf4 e5 8. Bg5 a6 9. Na3 b5 10. Nd5 Be7 11. Bxf6 Bxf6 12. c3 Ne7 13. Nxe7 Qxe7 14. c4 ({RR} 14. g3 Bb7 15. Bg2 Bg5 16. O-O O-O 17. Nc2 a5 18. Qe2 Ba6 19. Rfd1 Rfc8 20. Ne3 b4 21. Qe1 Bxe3 22. Qxe3 bxc3 23. bxc3 Rc6 24. Bf1 Bxf1 25. Kxf1 Rac8 26. Rd3 Qc7 27. Rb1 h6 28. Rb5 a4 {0-1 Shtyrenkov,V (2382)-Iljin,T (2509) Alushta Autumn 1st 2011 (10)}) ({RR} 14. Nc2 Bb7 15. Bd3 Rd8 16. a4 d5 17. Qe2 O-O 18. axb5 axb5 19. O-O Bg5 20. Ra7 Qc7 21. exd5 Qb6 22. Rfa1 Bxd5 {0-1 Eggleston,T (2188)-Chen,J (2371) Titled Tue 13th Feb Early 2024 (3)}) 14... b4 $146 ({RR} 14... O-O 15. cxb5 Bb7 16. Bd3 axb5 17. Nxb5 d5 18. O-O dxe4 19. Bc4 Rad8 20. Qe2 Bg5 21. Rad1 Qc5 22. Kh1 Rd4 23. Nxd4 exd4 24. b3 d3 25. Bxd3 exd3 26. Qxd3 Qc6 27. Rg1 Bf4 28. f3 g5 29. h3 {0-1 Fernandez Cazorla,A (2280)-Castany Pampalona,L (2175) Catalunya-ch 1996 (5)}) ({RR} 14... Bb7 15. Bd3 O-O 16. O-O b4 17. Nc2 a5 18. Ne3 g6 19. Nd5 Qd8 20. Qe2 Bg5 21. g3 f5 22. f4 Bxd5 23. cxd5 fxe4 24. Qxe4 exf4 25. gxf4 Qb6+ 26. Kh1 Rae8 27. Qg2 Bf6 28. Bf5 Qd4 29. Be6+ {½-½ Machaj,B (2196)-Szromba,K (2031) POL-ch U16 Zakopane 2001 (4)}) ({RR} 14... O-O 15. Bd3 Bb7 16. O-O bxc4 17. Nxc4 Rad8 18. Nb6 Rb8 19. Qa4 Rfd8 20. Rac1 g6 21. Qa5 Bg5 22. Rc2 f5 23. Bc4+ Kh8 24. Bd5 fxe4 25. Re1 Bxd5 26. Nxd5 Qe6 27. a4 Rdc8 28. Ree2 {½-½ Rauch,U-Ackermann,D Baden VLS 0102 2001 (6.1)}) 15. Nc2 a5 16. Be2 Bb7 17. Qd3 O-O 18. O-O Bc6 19. Rfd1 Qb7 20. Bf3 Be7 21. Re1 g6 22. Rad1 Rac8 23. Ne3 f5 24. Nc2 Kh8 25. b3 Rfd8 26. exf5 Bxf3 27. Qxf3 Qxf3 28. gxf3 gxf5 29. Rd5 Ra8 30. Kf1 f4 31. Nd4 Rd7 32. Nc6 Bf6 33. Nxe5 Bxe5 34. Rexe5 dxe5 35. Rxd7 Rc8 36. Rd5 a4 37. Rxe5 axb3 38. axb3 Rd8 39. Ke2 Ra8 40. Rb5 Ra2+ 41. Kf1 Rc2 42. Rxb4 Kg7 43. Rb5 Kf6 44. Kg2 Ke6 45. h4 Rb2 46. h5 Rc2 47. Kh3 1-0

[Event "45th Olympiad Budapest 2024"]
[Site "Budapest"]
[Date "2024.09.11"]
[Round "1"]
[Board "3"]
[White "Mekarapiruk, Nathasha"]
[Black "Mandura, Tijana"]
[Result "0-1"]
[WhiteElo "1728"]
[BlackElo "2207"]
[PlyCount "94"]
[EventDate "2024.09.11"]
[EventType "team-tourn"]
[EventRounds "11"]
[EventCountry "HUN"]
[WhiteTeam "Thailand"]
[BlackTeam "Serbia"]
[WhiteTeamCountry "THA"]
[BlackTeamCountry "SRB"]

1. e4 e5 2. Nf3 Nc6 3. d4 exd4 4. Nxd4 Bc5 5. Nb3 Bb6 6. Nc3 d6 7. Qe2 a5 8. Be3 a4 9. Bxb6 axb3 10. Be3 bxa2 11. Rxa2 Rxa2 12. Nxa2 Nge7 13. Qh5 $146 ({RR} 13. Nc3 O-O 14. Qd2 f5 15. Bc4+ Kh8 16. exf5 Nxf5 17. O-O Nxe3 18. Qxe3 Re8 19. Qd2 Ne5 20. Be2 c6 21. Rd1 d5 22. Qd4 Bf5 23. Rd2 Nf3+ {0-1 Vuelban,V (2279)-Maiorov,N (2509) Cutro op 25th 2019 (7)}) ({RR} 13. Nc3 O-O 14. Qd2 f5 15. f3 fxe4 16. Nxe4 d5 17. Ng3 Nf5 18. Nxf5 Bxf5 19. Be2 d4 20. Bf2 d3 21. cxd3 Nd4 22. O-O Nxe2+ 23. Qxe2 Qxd3 24. Qe5 Qd7 25. Rc1 c6 26. Re1 Bg6 27. h4 Re8 {½-½ Gavrilescu,D (2534)-Hracek,Z (2550) Bundesliga 2023-24 (6.3)}) ({RR} 13. Nc3 O-O 14. Qd2 f5 15. Bd3 fxe4 16. Bxe4 Bf5 17. Bf3 Qd7 18. O-O Bg4 19. Be4 Bf5 20. f3 h6 21. Re1 Bxe4 22. Nxe4 Ne5 23. Bd4 N7c6 24. Bxe5 Nxe5 25. Qd5+ Qf7 26. Qxb7 Qc4 27. Qb3 Qxb3 {½-½ Gabuzyan,H (2557)-Burke,J (2522) Pan American Intercollegiate-chT rapid 2021 (8)}) 13... Be6 14. Nc1 d5 15. e5 d4 16. Bd2 Qd5 17. Nd3 O-O 18. Be2 Qxg2 19. Bf3 Qh3 20. Qxh3 Bxh3 21. Bxc6 Nxc6 22. f4 Ra8 23. Ke2 Bg4+ 24. Kf2 Ra2 25. Rb1 Bf5 26. Ke2 f6 27. exf6 gxf6 28. Rg1+ Kf7 29. c3 Ra8 30. Nc5 Ra5 31. b4 Ra2 32. cxd4 Nxd4+ 33. Ke3 Rxd2 34. Kxd2 Nf3+ 35. Ke3 Nxg1 36. Nxb7 Ke7 37. Kf2 Nh3+ 38. Kg3 Kd7 39. b5 h5 40. Nc5+ Kd6 41. Na6 Bc8 42. Nb8 Kc5 43. Nc6 Bg4 44. Na7 Kb6 45. Nc6 Kxb5 46. Nd4+ Kc5 47. Nc2 f5 0-1

[Event "45th Olympiad Budapest 2024"]
[Site "Budapest"]
[Date "2024.09.11"]
[Round "1"]
[Board "4"]
[White "Eric, Jovana"]
[Black "Khantree, Napat"]
[Result "1-0"]
[WhiteElo "2162"]
[BlackElo "1711"]
[PlyCount "52"]
[EventDate "2024.09.11"]
[EventType "team-tourn"]
[EventRounds "11"]
[EventCountry "HUN"]
[WhiteTeam "Serbia"]
[BlackTeam "Thailand"]
[WhiteTeamCountry "SRB"]
[BlackTeamCountry "THA"]

1. e4 {ChessBase} e5 2. Nf3 Nc6 3. Bc4 Bc5 4. d3 Nf6 5. Nc3 d6 6. Bg5 h6 ({RR} 6... Na5 7. Bb3 c6 8. Nd2 h6 9. Bxf6 Qxf6 10. Qf3 Qxf3 11. Nxf3 h5) 7. Bxf6 Qxf6 8. Nd5 Qd8 ({RR} 8... Qg6) 9. c3 a6 ({RR} 9... Be6 10. d4 exd4 11. cxd4 Bb4+ 12. Kf1) 10. a4 ({RR} 10. h3 Ba7 11. d4 O-O 12. O-O Re8 13. Re1 Be6 14. Qd2 b5 15. Bb3 Na5 16. Qc2 exd4 17. cxd4 c5 18. Qd2 Nc6 19. dxc5 dxc5 20. Rad1 c4 21. Bc2 Bc5 22. Bb1 Ra7 23. Qc2 Rd7 24. b3 Nb4 {½-½ Franzoni,G (2390)-Campora,D (2550) Bern 1987}) ({RR} 10. d4 Ba7 11. dxe5 Nxe5 12. Nxe5 dxe5 13. Qh5) 10... a5 $146 ({RR} 10... Ne7 11. d4 exd4 12. Nxd4 Nxd5 13. Bxd5 O-O 14. O-O Qh4 15. Qf3 c6 16. Ba2 Bxd4 17. cxd4 Be6 18. Rfe1 Bxa2 19. Rxa2 Rae8 20. g3 Qd8 21. Raa1 Qb6 22. Qc3 Re6 23. Re3 Rfe8 24. Rae1 Qd8 25. d5 {½-½ Dimer,J-Metger,J Niederelbe Congress-01 Championship 1897 (1)}) ({RR} 10... Ba7 11. h3 O-O 12. O-O Ne7 13. d4 Ng6 14. Qd2 c6 15. Ne3 Qf6 16. dxe5 dxe5 17. Nh2 h5 18. Rad1 Nf4 19. Kh1 Be6 20. Bxe6 fxe6 21. Nc4 Rad8 22. Qc2 Qg5 23. f3 Qg3 24. a5 Kh7 25. Nb6 {1-0 Yuan,Q (2373)-Kim,S (2295) Titled Tuesday intern op 04th Oct Early blitz 2022 (8)}) ({RR} 10... O-O 11. b4 Ba7 12. h3 Ne7 13. Ne3 Ng6 14. h4 c6 15. g3 Re8 16. h5 Nf8 17. Nh4 Bxe3 18. fxe3 d5 19. exd5 cxd5 20. Bb3 Qg5 21. Kd2 d4 22. Qf3 Be6 23. Bd1 dxc3+ 24. Kc2 e4 25. dxe4 {0-1 Prokes,L-Gruenfeld,E Bad Pistyan Breyer Memorial-A 1922 (17)}) ({RR} 10... O-O 11. h3 Kh7 ({RR} 11... Kh8) 12. O-O f5 13. exf5 Bxf5 14. Ne3 Bd7 15. d4 exd4 16. cxd4 Ba7 17. b4 Qf6 18. Nd5 Qd8 19. Re1 Rc8 20. b5 Nxd4 21. Nxd4 Qh4 22. Qc2+ Kh8 23. Re4 Rxf2 24. Rxh4 Rxc2 25. b6 {1-0 Michal-Hruska,J Prague Army 1933 (2)}) 11. O-O Bd7 12. d4 exd4 13. cxd4 Ba7 14. h3 O-O 15. Re1 Be6 16. Rc1 Rc8 17. Qd2 Kh8 18. b3 f5 19. Nf4 Bf7 20. exf5 Qf6 21. Be6 Rb8 22. Nd5 Qd8 23. f6 Bxe6 24. fxg7+ Kxg7 25. Rxe6 Rh8 26. Qd3 Rh7 1-0

[Event "45th Olympiad Budapest 2024"]
[Site "Budapest"]
[Date "2024.09.11"]
[Round "1"]
[Board "2"]
[White "Mefteh, Meyssem"]
[Black "Luong, Phuong Hanh"]
[Result "0-1"]
[WhiteElo "1834"]
[BlackElo "2225"]
[PlyCount "200"]
[EventDate "2024.09.11"]
[EventType "team-tourn"]
[EventRounds "11"]
[EventCountry "HUN"]
[WhiteTeam "Tunisia"]
[BlackTeam "Vietnam"]
[WhiteTeamCountry "TUN"]
[BlackTeamCountry "VIE"]

1. d4 Nf6 2. c4 g6 3. Nc3 d5 4. Bg5 Ne4 5. Bh4 Nxc3 6. bxc3 dxc4 7. e3 Be6 8. Nf3 Bg7 9. Qb1 Qd5 ({RR} 9... b6 10. Be2 c5 11. O-O O-O 12. Rd1 Nd7 13. dxc5 Qe8 14. c6 Nc5 15. Nd4 Bd5 16. Qb5 Rc8 17. Bxc4 Bxc6 18. Nxc6 Rxc6 19. Rac1 Rc7 20. Bg3 Qxb5 21. Bxb5 Rcc8 22. f3 a6 23. Be2 b5 24. Be1 {½-½ Aronian,L (2786)-Svidler,P (2754) Moscow Tal Memorial 4th 2009 (1)}) 10. Be2 ({RR} 10. Nd2 Nd7 11. a4 Qa5 12. Qb4 Qxb4 13. cxb4 a5 14. bxa5 Rxa5 15. Bxc4 Nb6 16. Bxe6 fxe6 17. Ke2 Rxa4 18. Rhb1 Rxa1 19. Rxa1 e5 20. Ra7 exd4 21. Rxb7 Kd7 22. Bg3 Nd5 23. exd4 Bxd4 24. Rb3 c5 {½-½ Sarana,A (2717)-Svidler,P (2698) FIDE World Bl Team Final 2024 (2.1)}) 10... O-O $146 ({RR} 10... Qa5 11. O-O b6 12. Ng5 Bd5 13. e4 Bb7 14. Bxc4 e6 15. Qb3 Bf6 16. Nxf7 Kxf7 17. Bxe6+ Kg7 18. Bxf6+ Kxf6 19. Bg8 Nc6 20. Qf7+ Kg5 21. Bxh7 Rxh7 22. Qxh7 Kf6 23. Qxc7 Nd8 24. e5+ Kg5 25. Qh7 {1-0 Wirig,A (2458)-Koepke,C (2356) Boeblingen op 25th 2008 (4)}) ({RR} 10... Nd7 11. Ng5 Qa5 12. O-O Bd5 13. e4 h6 14. Nh3 Bc6 15. Qc2 Nb6 16. Rac1 Bd7 17. Bg3 O-O-O 18. f4 f5 19. Bf3 Bc6 20. Nf2 Kb8 21. Rfe1 e6 22. Bh4 Rde8 23. exf5 Bxf3 24. f6 Bxf6 25. Bxf6 {1-0 Pham,X (2227)-Luong,P (2169) Hanoi IM 2022 (1)}) ({RR} 10... Nd7 11. O-O Nb6 12. Ng5 Bc8 13. Bf3 Qa5 14. Ne4 Bf5 15. Qb4 Qxb4 16. cxb4 Bxe4 17. Bxe4 c6 18. b5 Kd7 19. bxc6+ bxc6 20. Bg3 Rac8 21. a4 f5 22. Bf3 e5 23. a5 Nd5 24. dxe5 Ke6 25. e4 {½-½ Gusarov,G (2337)-Kotlyar,K (2246) Urals-ch Satka 2012 (6)}) ({RR} 10... Bf5 11. Qb4 c5 12. Qxc4 Qxc4 13. Bxc4 cxd4 14. cxd4 Nc6 15. O-O O-O 16. Bb5 e6 17. Bxc6 bxc6 18. Rac1 Rfc8 19. Ne5 Rab8 {½-½ Morchiashvili,B (2335)-Sevdimaliyev,U (2370) TUR-chT 2nd League 2019 (5.15)}) 11. Bxe7 Bf5 12. Qb2 Re8 13. Bh4 Nd7 14. O-O Nb6 15. a4 Qa5 16. Qa2 Bd3 17. Bxd3 cxd3 18. Rfd1 c5 19. Rxd3 c4 20. Rdd1 Rac8 21. Rdc1 Nd5 22. Qb2 Qc7 23. Qb5 Nf6 24. Bxf6 Bxf6 25. Rab1 b6 26. Nd2 Bg7 27. Rb4 Qe7 28. Rxc4 Rcd8 29. Rc6 Bh6 30. Re1 Bf8 31. Qc4 Rd7 32. Nf3 Bg7 33. Rc8 Rxc8 34. Qxc8+ Rd8 35. Qc4 Qd7 36. Qb5 Qe7 37. Qg5 Bf6 38. Qb5 Qe4 39. Qa6 Qe7 40. Qc4 Qd7 41. Rb1 Rc8 42. Qb3 Qf5 43. Rd1 g5 44. h3 h5 45. Rc1 g4 46. hxg4 hxg4 47. Nh2 g3 48. fxg3 Bg5 49. c4 Qe4 50. Nf1 Rc6 51. Re1 Rh6 52. Qb1 Qg4 53. Qd1 Qe4 54. Qf3 Qh7 55. e4 Rh1+ 56. Kf2 Qg7 57. e5 Be7 58. Re4 Kh8 59. Rg4 Qf8 60. e6 f5 61. Rf4 Qf6 62. Qe3 Bd6 63. e7 Bxe7 64. Qe5 Qxe5 65. dxe5 Bc5+ 66. Ke2 Rg1 67. Rxf5 Rxg2+ 68. Kd1 Ra2 69. e6 Kg8 70. g4 Rxa4 71. g5 Rxc4 72. Nd2 Rd4 73. Kc2 Be7 74. g6 Rd6 75. Re5 Kg7 76. Nc4 Rc6 77. Kb3 Kxg6 78. Re1 Kf5 79. Na3 Bxa3 80. e7 Bxe7 81. Rxe7 a6 82. Kb4 Rc5 83. Re3 Re5 84. Rd3 Re4+ 85. Ka3 Ke5 86. Rd2 Rd4 87. Rc2 Kd5 88. Kb3 a5 89. Rc1 b5 90. Rc2 Rd3+ 91. Kb2 a4 92. Rc7 Rh3 93. Rg7 Kc5 94. Rg5+ Kb4 95. Rg4+ Ka5 96. Rg5 a3+ 97. Ka2 Ka4 98. Rg4+ b4 99. Rg2 b3+ 100. Ka1 Rh1+ 0-1

[Event "45th Olympiad Budapest 2024"]
[Site "Budapest"]
[Date "2024.09.11"]
[Round "1"]
[Board "1"]
[White "Wilson, Hannah"]
[Black "Georgescu, Lena"]
[Result "0-1"]
[WhiteElo "1888"]
[BlackElo "2266"]
[PlyCount "72"]
[EventDate "2024.09.11"]
[EventType "team-tourn"]
[EventRounds "11"]
[EventCountry "HUN"]
[WhiteTeam "Barbados"]
[BlackTeam "Switzerland"]
[WhiteTeamCountry "BAR"]
[BlackTeamCountry "SUI"]

1. d4 Nf6 2. c4 e6 3. Nc3 Bb4 4. Qc2 O-O 5. Bg5 c5 6. dxc5 Bxc5 7. e3 h6 8. Bh4 b6 9. Nf3 Bb7 10. Be2 Be7 11. O-O Na6 $146 ({RR} 11... d6 12. Rfd1 a6 13. Rac1 Ra7 14. Bg3 Nh5 15. Ng5 hxg5 16. Bxh5 Ba8 17. Be2 Nc6 18. a3 Rd7 19. b4 f5 20. f3 Kh8 21. Na4 a5 22. Qb3 axb4 23. axb4 Rf6 24. Bf2 d5 25. cxd5 exd5 26. e4 {½-½ Kovacs,L-Renman,N (2425) Eksjo-08 grupp B 1980 (1)}) ({RR} 11... d6 12. Rfd1 a6 13. Rac1 Nbd7 14. Bg3 Qc7 15. Qd2 Ne5 16. Nxe5 dxe5 17. Qc2 Nd7 18. Qb1 f5 19. h3 f4 20. exf4 exf4 21. Bh2 Nf6 22. Qg6 Bb4 23. Bd3 Rad8 24. Ne2 e5 25. c5 bxc5 26. a3 {0-1 Juarez Flores,C (2392)-Edouard,R (2635) Olympiad-42 Baku 2016 (1.2)}) ({RR} 11... d6 12. Rfd1 Nbd7 13. Bg3 Nc5 14. Nd2 Qb8 15. b4 Ncd7 16. Nb3 Rc8 17. Nd4 a6 18. Qb3 Ne5 19. Na4 Qa7 20. f3 Nfd7 21. f4 Nc6 22. Nc3 Nf6 23. Bf2 d5 24. a3 Nxd4 25. Rxd4 dxc4 26. Bxc4 {½-½ Karttunen,M-Joentausta,H Lahti op 1996 (2)}) ({RR} 11... Nc6 12. a3 Rc8 13. b4 d5 14. Rfd1 Qe8 15. Qb3 dxc4 16. Bxc4 a6 17. Rd2 b5 18. Be2 Nd7 19. Bg3 Nb6 20. Rad1 Rd8 21. Ne4 Rxd2 22. Rxd2 Qc8 23. Rc2 Qd7 24. Nc5 Bxc5 25. Rxc5 Na4 26. Rh5 {0-1 Avalos,L (1677)-Pereira,S (1784) Asuncion Clasificatorio op 4th 2015 (5.5)}) 12. Rfd1 Nc5 13. Ne5 d6 14. Nb5 a6 15. Nc3 Qc7 16. Nd3 Rfd8 17. b4 Ncd7 18. Bg3 Rac8 19. Rac1 Qb8 20. Qb3 Qa8 21. f3 d5 22. Nf4 g5 23. Nh3 Bf8 24. cxd5 exd5 25. Rf1 Re8 26. Na4 b5 27. Nb2 Bg7 28. Rcd1 Nb6 29. Nf2 Nh5 30. Bd6 Rc3 31. Qxc3 Bxc3 32. f4 Nf6 33. fxg5 hxg5 34. Nfd3 Nc4 35. Bc5 Nxb2 36. Nxb2 Bxb2 0-1

[Event "45th Olympiad Budapest 2024"]
[Site "Budapest"]
[Date "2024.09.11"]
[Round "1"]
[Board "2"]
[White "Hakimifard, Ghazal"]
[Black "Blackman, Katrina"]
[Result "1-0"]
[WhiteElo "2192"]
[BlackElo "1814"]
[PlyCount "73"]
[EventDate "2024.09.11"]
[EventType "team-tourn"]
[EventRounds "11"]
[EventCountry "HUN"]
[WhiteTeam "Switzerland"]
[BlackTeam "Barbados"]
[WhiteTeamCountry "SUI"]
[BlackTeamCountry "BAR"]

1. e4 e6 2. d4 d5 3. Nd2 Nf6 4. e5 Nfd7 5. c3 c5 6. Bd3 Nc6 7. Ngf3 cxd4 8. cxd4 f6 9. exf6 Nxf6 10. O-O Bd6 11. Re1 O-O 12. Nf1 Qc7 ({RR} 12... Qb6 13. Rb1 Nb4 14. a3 Nxd3 15. Qxd3 Bd7 16. Ng3 Bb5 17. Qd1 Rae8 18. Ne5 Bxe5 19. Rxe5 Nd7 20. Rg5 e5 21. Be3 h6 22. Rh5 Qg6 23. Rc1 Bc6 {1-0 Carlsen,M (2802)-Ponomariov,R (2744) Wch Blitz 5th 2010 (2)}) 13. Bd2 ({RR} 13. Bg5 Bd7 14. Rc1 Bf4 15. Bxf4 Qxf4 16. Ng3 Kh8 17. Bb1 Rae8 18. Ne5 Nxe5 19. Rxe5 Ng4 20. Rh5 Qxf2+ 21. Kh1 Nf6 22. Rh4 e5 23. Rc2 Qe3 24. Re2 Qg5 25. Rh3 Bxh3 26. gxh3 exd4 27. Rg2 Qf4 {0-1 Gulecyuz,D (1985)-Golubenko,V (2209) Titled Tue 13th Feb Early 2024 (7)}) 13... Bd7 14. Bc3 $146 ({RR} 14. Qc2 Qb6 15. Bc3 Nb4 16. Bxb4 Bxb4 17. Re2 Rfe8 18. a3 Bd6 19. Rae1 Rac8 20. Qd2 Bb5 21. Bxb5 Qxb5 22. Rxe6 Rxe6 23. Rxe6 Ne4 24. Qe3 Qd7 25. Rxe4 dxe4 26. Qxe4 Re8 27. Qd5+ Qe6 28. Qxe6+ Rxe6 {0-1 Mallet,C (2007)-Goczo,M (2226) EU-ch U16 Girls 1999 (2)}) ({RR} 14. Rc1 Rae8 15. Ne5 Qb8 16. Nxd7 Nxd7 17. Bb5 Nf6 18. Bxc6 bxc6 19. Rxc6 Ne4 20. f3 Nxd2 21. Nxd2 Bxh2+ 22. Kf1 Qb5+ {0-1 Gousseinov,A (1985)-Wurm,A (2111) Arco op 36th 2014 (6)}) 14... Rac8 15. a3 a5 16. Rc1 h6 17. Ne5 b6 18. Ng3 Nd8 19. Bb1 Be8 20. Qd3 Qe7 21. Bd2 Rxc1 22. Rxc1 g5 23. Re1 Bxe5 24. Rxe5 Qg7 25. b4 a4 26. b5 Ng4 27. Re2 Qf7 28. f3 Nf6 29. Bb4 Nb7 30. Bc2 Na5 31. Bxa4 Nc4 32. Bxf8 Kxf8 33. Ne4 Nh5 34. g3 Qc7 35. Nf2 Nb2 36. Rxb2 Qc1+ 37. Nd1 1-0

[Event "45th Olympiad Budapest 2024"]
[Site "Budapest"]
[Date "2024.09.11"]
[Round "1"]
[Board "4"]
[White "Manko, Mariia"]
[Black "Eversley, Kiarra"]
[Result "1-0"]
[WhiteElo "2159"]
[BlackElo "1615"]
[PlyCount "53"]
[EventDate "2024.09.11"]
[EventType "team-tourn"]
[EventRounds "11"]
[EventCountry "HUN"]
[WhiteTeam "Switzerland"]
[BlackTeam "Barbados"]
[WhiteTeamCountry "SUI"]
[BlackTeamCountry "BAR"]

1. d4 d5 2. c4 c6 3. Nf3 Nf6 4. g3 Bf5 5. Nc3 e6 6. Nh4 Bg4 7. h3 Bh5 8. g4 Bg6 ({RR} 8... Ne4 9. Nxe4 dxe4 10. Qb3 b6 11. Ng2 Bg6 12. Nf4 Qxd4 13. Be3 Qd6 14. Bg2 Qb4+ 15. Qxb4 Bxb4+ 16. Kf1 Nd7 17. Nxg6 hxg6 18. Bxe4 Rc8 19. Kg2 Ne5 20. Rac1 f5 21. Bf4 Nf7 22. Bb1 g5 23. Bh2 {0-1 Ragger,M (2632)-Nguyen,N (2621) Wch Blitz 8th 2014 (16)}) 9. g5 Be4 $146 ({RR} 9... Ne4 10. Nxg6 Nxc3 11. bxc3 hxg6 12. Qb3 b6 13. h4 Bd6 14. Bg2 Nd7 15. cxd5 cxd5 16. c4 dxc4 17. Qxc4 Rc8 18. Qb3 e5 19. Bd5 Qe7 20. Bb2 Kf8 21. Rd1 e4 22. Kf1 b5 23. Qe3 Rc2 24. Rc1 {0-1 Rios Escobar,A (2234)-Bruedigam,M (2379) Titled Tue 11th Jul Early 2023 (5)}) ({RR} 9... Nfd7 10. Qb3 Qb6 11. Nxg6 hxg6 12. e3 Be7 13. f4 Na6 14. Bd2 Qxb3 15. axb3 Nc7 16. Bg2 a6 17. h4 O-O-O 18. O-O-O Nb6 19. c5 Nd7 20. Be1 Rde8 21. Bg3 f5 22. gxf6 gxf6 23. b4 f5 24. Bf3 {½-½ Cabezas Solano,D (2202)-Ruiz Aguilar,P (2163) Guillermo Garcia Maestro 2024 (1.3)}) ({RR} 9... Ng8 10. Nxg6 hxg6 11. e4 dxe4 12. a3 Ne7 13. Nxe4 Nf5 14. Be3 Be7 15. Qd2 Nd7 16. Be2 Rh4 17. Bg4 Qb6 18. c5 Qb3 19. Nc3 Nxe3 20. Qxe3 Qxb2 21. O-O b6 22. Rfb1 Qc2 23. Ra2 Bxg5 24. Qxg5 {1-0 Manko,M (2145)-Patuzzo,F (2290) ch-SUI Rapid 2023 (4.7)}) ({RR} 9... Ng8 10. Bg2 Ne7 11. O-O Nf5 12. Nxf5 Bxf5 13. Qb3 Qb6 14. e4 dxe4 15. Nxe4 Na6 16. Bf4 Bxe4 17. Qxb6 axb6 18. Bxe4 O-O-O 19. Rfd1 h6 20. d5 Bd6 21. Bxd6 Rxd6 22. dxc6 Rxd1+ 23. Rxd1 bxc6 24. g6 {½-½ Markoja,B (2383)-Mihok,O (2507) Steyr Landesliga 1617 2016 (1.1)}) ({RR} 9... Ne4 10. Nxg6 Nxc3 11. bxc3 hxg6 12. Qb3 Qc8 13. Bg2 Nd7 14. c5 b6 15. cxb6 axb6 16. c4 Bd6 17. a4 O-O 18. h4 f6 19. h5 gxh5 20. Rxh5 Qe8 21. Qh3 f5 22. Rh8+ Kf7 23. g6+ Ke7 24. Bg5+ {0-1 Rios Escobar,A (2276)-Fiorito,J (2271) Titled Tuesday intern op 20th Sep Late blitz 2022 (2)}) 10. f3 Qd6 11. Rg1 Bxf3 12. gxf6 Bxe2 13. fxg7 Bxg7 14. Bxe2 Bf6 15. Nf3 Nd7 16. cxd5 exd5 17. Bg5 O-O-O 18. Qd3 Bxg5 19. Nxg5 Qf4 20. Rg4 Qf6 21. O-O-O h5 22. Rgg1 Rdf8 23. Kb1 Qd6 24. Qg3 Qb4 25. Rge1 a5 26. Nxd5 cxd5 27. Rc1+ 1-0

[Event "45th Olympiad Budapest 2024"]
[Site "Budapest"]
[Date "2024.09.11"]
[Round "1"]
[Board "1"]
[White "Sandu, Mihaela"]
[Black "Aliu, Arlinda"]
[Result "1-0"]
[WhiteElo "2248"]
[BlackElo "1780"]
[PlyCount "111"]
[EventDate "2024.09.11"]
[EventType "team-tourn"]
[EventRounds "11"]
[EventCountry "HUN"]
[WhiteTeam "Romania"]
[BlackTeam "Kosovo *"]
[WhiteTeamCountry "ROU"]

1. e4 d6 2. d4 Nf6 3. Nc3 g6 4. Nf3 Bg7 5. Be2 Nbd7 6. O-O O-O 7. Re1 e5 8. a4 c6 9. a5 ({RR} 9. Be3 exd4 10. Bxd4 Re8 11. Bf1 Qc7 12. a5 Ne5 13. Nxe5 dxe5 14. Bc5 Rd8 15. Qc1 Be6 16. f3 Nd7 17. Be7 Re8 18. Bb4 b5 19. a6 Qb6+ 20. Qe3 Bf8 21. Bxf8 Kxf8 22. b4 Rab8 23. Nd1 Qxe3+ {½-½ Cheparinov,I (2710)-Onischuk,V (2637) Wch Rapid Riadh 2017 (7)}) ({RR} 9. b3 Re8 10. Ba3 exd4 11. Nxd4 Nc5 12. Bf3 a5 13. Qd2 Bg4 14. Bxg4 Nxg4 15. h3 Nf6 16. e5 dxe5 17. Bxc5 Nd7 18. Nxc6 bxc6 19. Bd6 e4 20. Rad1 f5 21. Ne2 Qf6 22. Bf4 Nc5 23. Bg5 Qf7 {1-0 Al Tarbosh,W (2278)-Taspinar,Y (2298) Titled Tue 30th Jan Early 2024 (8)}) 9... Re8 10. dxe5 Nxe5 $146 ({RR} 10... dxe5 11. Bc4 Qc7 12. Be3 Nf8 13. Qe2 Ne6 14. Ng5 Nxg5 15. Bxg5 Rb8 16. b4 Nh5 17. Be3 Nf4 18. Qd1 Rd8 19. Qb1 Ra8 20. Na4 Qe7 21. Bf1 Bf8 22. c3 Qc7 23. Qc2 Bd7 24. f3 Ne6 25. Qf2 {1-0 Barbulescu,D (2465)-Seret,J (2455) World Team-ch01 1985 (8.4)}) ({RR} 10... dxe5 11. Bc4 h6 12. h3 Qc7 13. Be3 Nf8 14. Qe2 Nh5 15. Red1 Nf4 16. Qd2 Be6 17. Bxe6 N8xe6 18. Qd7 Re7 19. Qxc7 Rxc7 20. Rd6 a6 21. Rdd1 Re8 22. Kh2 g5 23. g3 Ng6 24. Kg2 Bf8 25. Na4 {1-0 Yang,X (2385)-Arguelles,E Manila op 1991}) ({RR} 10... dxe5 11. Bc4 h6 12. Bd2 Qe7 13. Qc1 Kh7 14. h3 Nf8 15. b4 Qc7 16. Na4 Be6 17. Nb2 N6d7 {½-½ Brodsky,M (2527)-Komliakov,V (2463) Krasnodar3 2001}) 11. h3 Qc7 12. Bf4 Be6 13. Nd4 Rad8 14. Nxe6 fxe6 15. Be3 Ra8 16. f4 Nf7 17. Qd2 d5 18. e5 Nd7 19. Bf3 Nh6 20. Bf2 Rf8 21. Ne2 Nf5 22. c4 Qd8 23. cxd5 cxd5 24. Bxd5 exd5 25. Qxd5+ Kh8 26. Rad1 Nxe5 27. fxe5 Qc7 28. Nc3 Rad8 29. Qc5 Qxc5 30. Bxc5 Rxd1 31. Rxd1 Re8 32. g4 Nh4 33. Bxa7 Nf3+ 34. Kg2 Nxe5 35. Bd4 Nc6 36. Bxg7+ Kxg7 37. b4 Nxb4 38. Rb1 Re3 39. Rxb4 Rxc3 40. Rxb7+ Kh6 41. a6 Ra3 42. a7 Kg5 43. Rxh7 Kf4 44. Rf7+ Kg5 45. Kf2 Kh4 46. Rh7+ Kg5 47. Ke2 Kf4 48. Kd2 g5 49. Kc2 Kg3 50. Kb2 Ra5 51. Kb3 Ra6 52. Kb4 Ra1 53. Kb5 Kf4 54. Kc6 Rc1+ 55. Kb7 Rb1+ 56. Kc7 1-0

[Event "45th Olympiad Budapest 2024"]
[Site "Budapest"]
[Date "2024.09.11"]
[Round "1"]
[Board "3"]
[White "Lehaci, Miruna-Daria"]
[Black "Saraci, Rinesa"]
[Result "1-0"]
[WhiteElo "2180"]
[BlackElo "1757"]
[PlyCount "69"]
[EventDate "2024.09.11"]
[EventType "team-tourn"]
[EventRounds "11"]
[EventCountry "HUN"]
[WhiteTeam "Romania"]
[BlackTeam "Kosovo *"]
[WhiteTeamCountry "ROU"]

1. e4 e5 2. Nf3 Nc6 3. d4 exd4 4. Nxd4 Bc5 5. Nb3 Bb6 6. Nc3 d6 7. Qe2 h6 ({RR} 7... Nge7 8. Be3 O-O 9. O-O-O Be6 10. f4 Kh8 11. Kb1 Qe8 12. Bxb6 axb6 13. g4 f6 14. h4 Qf7 15. f5 Bxb3 16. cxb3 Ne5 17. g5 Rad8 18. Bg2 Rd7 19. Rhf1 Rfd8 20. Qe3 Re8 21. Qg3 Red8 22. Qe3 {½-½ Radjabov,T (2748)-Tomashevsky,E (2701) EU-Cup 26th Plovdiv 2010 (5.2)}) 8. Be3 Nge7 $146 ({RR} 8... Nf6 9. f3 Be6 10. O-O-O Qe7 11. Kb1 Ne5 12. Bxb6 axb6 13. Qf2 O-O 14. Be2 Bxb3 15. cxb3 Ned7 16. g4 Nc5 17. h4 Nh7 18. Rdg1 Ne6 19. Nd5 Qd8 20. f4 Nc5 21. Nc3 Re8 22. g5 g6 23. gxh6 {1-0 Amon,N (1866)-Subelj,J (1589) Sentjur Ipavec Memorial 13th 2013 (6)}) ({RR} 8... Nf6 9. f3 Be6 10. O-O-O Qe7 11. Kb1 Ne5 12. Qe1 Nc4 13. Bf2 O-O 14. g4 Nd7 15. Nd4 Bxd4 16. Bxd4 c5 17. Bf2 Nde5 18. Be2 b5 19. Rg1 Qf6 20. g5 hxg5 21. h4 g4 22. fxg4 b4 23. g5 {1-0 Abiad Parra,V (1951)-Hernandez Guarin,S (1755) 17th American Continental 2024 (3.110)}) ({RR} 8... Bxe3 9. Qxe3 Nf6 10. O-O-O O-O 11. Qg3 Re8 12. Bd3 Ne5 13. f4 Nh5 14. Qf2 Ng4 15. Qf3 Qh4 16. g3 Nxh2 17. Qg2 Nxg3 18. Rxh2 Qxf4+ 19. Kb1 Qe5 20. Rg1 Nh5 21. Rxh5 {1-0 Bakos,B (1886)-Kovacs,M (1410) HUN-ch U14 Balatonlelle 2016 (1)}) ({RR} 8... Nf6 9. O-O-O Bg4 10. f3 Be6 11. Nd5 Bxe3+ 12. Qxe3 O-O 13. h4 Bxd5 14. exd5 Nb4 15. Bc4 Nxa2+ 16. Kb1 Nb4 17. g4 Nd7 18. f4 Nb6 19. Qd4 Nxc4 20. Qxc4 Na6 21. h5 f6 22. Rdg1 Qe7 23. Rg2 {0-1 Czarnomski,D (1379)-Stepien,P (1452) Mazowiec-chT op 1617 2016 (5.11)}) 9. O-O-O Bxe3+ 10. Qxe3 O-O 11. f4 Qe8 12. Re1 f5 13. exf5 Bxf5 14. g4 Bd7 15. Bc4+ Kh8 16. g5 Nf5 17. Qd2 Qh5 18. Nd5 Rac8 19. Rhg1 Rfe8 20. Rxe8+ Bxe8 21. gxh6 Nxh6 22. Qc3 Qf7 23. Nb6 Qf8 24. Nxc8 Bd7 25. Rg6 Qxf4+ 26. Nd2 Ne5 27. Ne7 Nf5 28. Nxf5 Bxf5 29. Rg1 Qf2 30. Qg3 Qxg3 31. hxg3 g6 32. Be2 Kg7 33. g4 Bd7 34. g5 Bf5 35. Nc4 1-0